شرح صحيح البخاري ;; Sharḥ Ṣaḥīḥ al-Bukhārī / (Record no. 78219)
[ view plain ]
| 000 -LEADER | |
|---|---|
| fixed length control field | 01025nam a22002531a 4500 |
| 001 - CONTROL NUMBER | |
| control field | 78219 |
| 003 - CONTROL NUMBER IDENTIFIER | |
| rucl marc code | BD-RjUL |
| 005 - DATE AND TIME OF LATEST TRANSACTION | |
| control field | 20211209083114.0 |
| 008 - FIXED-LENGTH DATA ELEMENTS--GENERAL INFORMATION | |
| fixed length control field | 210818s1934 le bi 001 0 ara d |
| 035 ## - SYSTEM CONTROL NUMBER | |
| System control number | (BD-RjUL)78445 |
| 040 ## - CATALOGING SOURCE | |
| Modifying agency | UkOxU |
| Original cataloging agency | BD-RjUL |
| Language of cataloging | eng |
| Transcribing agency | BD-RjUL |
| 041 ## - LANGUAGE CODE | |
| Language code of text/sound track or separate title | ara |
| 082 ## - DEWEY DECIMAL CLASSIFICATION NUMBER | |
| Edition number | 23 |
| Classification number | 297.12541 |
| Author mark and year | BUK 1934 |
| 100 1# - MAIN ENTRY--PERSONAL NAME | |
| Personal name | كرماني، محمد بن يوسف ;; Kirmānī, Muḥammad ibn Yūsuf |
| 9 (RLIN) | 247029 |
| 245 10 - TITLE STATEMENT | |
| Title | شرح صحيح البخاري ;; Sharḥ Ṣaḥīḥ al-Bukhārī / |
| Statement of responsibility, etc. | محمد بن يوسف كرماني ;; Muḥammad ibn Yūsuf Kirmānī |
| 260 ## - PUBLICATION, DISTRIBUTION, ETC. (IMPRINT) | |
| Place of publication, distribution, etc. | eggypt : |
| Name of publisher, distributor, etc. | al-Matbuah al-ʿmisriah, |
| Date of publication, distribution, etc. | 1934 |
| 300 ## - PHYSICAL DESCRIPTION | |
| Pagination | v. ; |
| Size | 24 cm. |
| 504 ## - BIBLIOGRAPHY, ETC. NOTE | |
| Bibliography, etc | Includes bibliographical references and indexes. |
| 505 ## - FORMATTED CONTENTS NOTE | |
| Formatted contents note | Vol.9.الفهرس |
| 600 10 - SUBJECT ADDED ENTRY--PERSONAL NAME | |
| Personal name | Bukhārī, Muḥammad ibn Ismāʿīl, |
| Title of a work | Jāmiʿ al-ṣaḥīḥ. |
| 650 #0 - SUBJECT ADDED ENTRY--TOPICAL TERM | |
| Topical term or geographic name as entry element | Hadith |
| General subdivision | Criticism, interpretation, etc. |
| Form subdivision | Early works to 1800. |
| 9 (RLIN) | 247031 |
| 700 12 - ADDED ENTRY--PERSONAL NAME | |
| Personal name | Bukhārī, Muḥammad ibn Ismāʿīl, |
| Dates associated with a name | 810-870. |
| 942 ## - ADDED ENTRY ELEMENTS (KOHA) | |
| Source of classification or shelving scheme | Dewey Decimal Classification |
| Koha item type | Books |
| Lost status | Source of classification or shelving scheme | Damaged status | Not for loan | Collection code | Permanent Location | Current Location | Shelving location | Date acquired | Source of acquisition | Cost, normal purchase price | Total Checkouts | Full call number | Date last seen | Copy number | Koha item type |
|---|---|---|---|---|---|---|---|---|---|---|---|---|---|---|---|
| Dewey Decimal Classification | Not For Loan | Non-fiction | Central Library, University of Rajshahi | Central Library, University of Rajshahi | Reading Room | 21/04/1964 | urdu library | 512.00 | A 297.12541 BUK V-9 1934 | 18/08/2021 | C-1 | Books | |||
| Dewey Decimal Classification | Not For Loan | Non-fiction | Central Library, University of Rajshahi | Central Library, University of Rajshahi | Reading Room | 21/04/1964 | urdu library | 512.00 | A 297.12541 BUK V-2 1934 | 18/10/2021 | C-1 | Books | |||
| Dewey Decimal Classification | Not For Loan | Non-fiction | Central Library, University of Rajshahi | Central Library, University of Rajshahi | Reading Room | 21/04/1964 | urdu library | 512.00 | A 297.12541 BUK V-1 1934 | 18/10/2021 | C-1 | Books | |||
| Dewey Decimal Classification | Non-fiction | Central Library, University of Rajshahi | Central Library, University of Rajshahi | General Stacks | 21/04/1974 | A 297.12541 BUK V-1 1934 | 31/01/2023 | C-2 | Books |